000 00298nam a2200133Ia 4500
005 20251222155116.0
008 251222s9999||||xx |||||||||||||| ||spa||
082 _aMEQ. 18
100 _aJANSEN.
245 0 _aFisiopatologĂ­a ClĂ­nica
250 _a2da. ed.
264 _bEl ateneo
942 _cLIB
999 _c38247
_d38247